Introducción a la hacienda local y autonómica / Luis Caramés Vieitez
ISBN:
84-470-0304-3
Descripción Física:
135 p. : taules ; 21 cm
MARC
| LEADER | 00000nam a2200000Ia 4500 | ||
|---|---|---|---|
| 001 | 18352 | ||
| 008 | 160829s1994 xx 000 0 cat d | ||
| 020 | |a 84-470-0304-3 | ||
| 080 | |a M-5-298 | ||
| 100 | |a Caramés Vieitez, Luis |9 23144 | ||
| 245 | |a Introducción a la hacienda local y autonómica / Luis Caramés Vieitez | ||
| 260 | |a Madrid : |b Civitas, |c 1994 | ||
| 300 | |a 135 p. : |b taules ; |c 21 cm | ||
| 490 | |a Biblioteca Civitas Eonomía y Empresa. Economía. Serie Textos Auxiliares ; 5 | ||
| 590 | |a Bibliografia | ||
| 650 | |a Finances locals |x Espanya |9 24153 | ||
| 650 | 0 | |a Finances públiques |z Espanya |9 18741 | |
| 650 | 0 | |a Finances autonòmiques |9 23147 | |
| 901 | |a Arxiu | ||
| 942 | |n 1 | ||
| 952 | |0 0 |1 0 |4 0 |6 M5298 |7 1 |9 42558 |a Arxiu |b Arxiu |d 2016-12-01 |l 0 |o M-5-298 |p 18352 |r 2016-12-01 00:00:00 |w 2016-12-01 |y ARXIU | ||
| 999 | |c 45063 |d 45063 | ||